000 00893nas a2200289 4500
001 BR2012009574
003 BR-BrBNA
005 20231205121720.0
007 ta
008 230509b bl.|||p| |||| 00| 00por d
040 _aBR-BrBNA
_bpor
_cBiblioteca Nacional de Agricultura
041 _a(En)
072 _aL72
100 1 _aMinho, A.P.
100 1 _aGennari, S.M.
100 1 _aAmarante, A.F.T. de
100 1 _aAbdalla, A.L.
245 1 _aAnthelmintic effects of condensed tannins on Trichostrongyllus colubriformis in experimentally infected sheep
650 _aOVINO
650 _aNEMATÓIDE
650 _aANTI-HELMÍNTICO
650 _aTANINO
650 _aCONTROLE BIOLÓGICO
773 0 _tSemina. Ciências Agrárias (Brazil)
_xISSN 1676-546X
_g(Oct-Dec 2010), v. 31(4) p. 1009-1016
_wBR2012009574
909 _a202311
_bLúcia
_c55
_dLúcia Elande
942 _2AGRIS
_n0
_cANA
999 _c224877
_d224877